书目信息 |
| 题名: |
道路工程概论
|
|
| 作者: | 吴继锋 主编 | |
| 分册: | ||
| 出版信息: | 北京 机械工业出版社 2005.08 |
|
| 页数: | 306页 | |
| 开本: | 26cm | |
| 丛书名: | 高等职业教育“十一五”规划教材 | |
| 单 册: | ||
| 中图分类: | U41-43 , U41 | |
| 科图分类: | ||
| 主题词: | 道路工程--Dao Lu Gong Cheng--高等教育--教材 | |
| 电子资源: | ||
| ISBN: | 7-111-17256-6 | |
| 000 | 01014nam 2200289 450 | |
| 001 | CAL 012005125054 | |
| 005 | 20060523092015.21 | |
| 010 | @a7-111-17256-6@dCNY 28.00 | |
| 099 | @aCAL 012005125054 | |
| 100 | @a20050920d2005 em y0chiy0121 ea | |
| 101 | 0 | @achi |
| 102 | @aCN@b110000 | |
| 105 | @aak a 000yy | |
| 200 | 1 | @a道路工程概论@Adao lu gong cheng gai lun@f吴继锋主编@Fwu ji feng zhu bian |
| 210 | @a北京@c机械工业出版社@d2005.08 | |
| 215 | @a306页@c图@d26cm | |
| 225 | 2 | @a高等职业教育“十一五”规划教材@AGao Deng Zhi Ye Jiao Yu Shi Yi Wu Gui Hua Jiao Cai |
| 320 | @a有书目 | |
| 330 | @a本书系统地介绍了道路的分级与技术标准,道路路线平面、纵断面、横端面、平面交叉、立体交叉设计、道路沿线设施等基本内容。 | |
| 333 | @a道路与桥梁、公路监理专业 | |
| 410 | 0 | @12001 @a高等职业教育“十一五”规划教材 |
| 606 | 0 | @a道路工程@ADao Lu Gong Cheng@x高等教育@j教材 |
| 690 | @aU41-43@v4 | |
| 690 | @aU41@v4 | |
| 701 | 0 | @a吴继锋@Awu ji feng@4主编 |
| 801 | 0 | @c20060523 |
| 905 | @a10447@dU41@eW800 | |
| 道路工程概论/吴继锋主编.-北京:机械工业出版社,2005.08 |
| 306页:图;26cm.-(高等职业教育“十一五”规划教材) |
| 使用对象:道路与桥梁、公路监理专业 |
| ISBN 7-111-17256-6:CNY 28.00 |
| 本书系统地介绍了道路的分级与技术标准,道路路线平面、纵断面、横端面、平面交叉、立体交叉设计、道路沿线设施等基本内容。 |
| ● |
| 相关链接 |
|
|
|
正题名:道路工程概论
索取号:U41/W800
 
预约/预借
| 序号 | 登录号 | 条形码 | 馆藏地/架位号 | 状态 | 备注 |
| 1 | 559935 | 205599351 | 自科库501/501自科库 50排6列4层/ [索取号:U41/W800] | 在馆 | |
| 2 | 559936 | 205599360 | 土木与交通工程学院资料室/土木与交通学院资料室 1排1列1层/ [索取号:U41/W800] | 在馆 | |
| 3 | 559937 | 205599379 | 自科库501/501自科库 50排6列4层/ [索取号:U41/W800] | 在馆 | |
| 4 | 600988 | 206009889 | 土木与交通工程学院资料室/土木与交通学院资料室 1排1列1层/ [索取号:U41/W800] | 在馆 | |
| 5 | 600989 | 206009898 | 自科库501/501自科库 50排6列4层/ [索取号:U41/W800] | 在馆 | |
| 6 | 600990 | 206009905 | 土木与交通工程学院资料室/土木与交通学院资料室 1排1列1层/ [索取号:U41/W800] | 在馆 |